000 00309nam a22001337a 4500
008 171124b xxu||||| |||| 00| 0 eng d
020 _a9780470251386
041 _aeng
080 _25 ED
_a591
100 _a10
101 _aNUT
245 _aFOOD AND BEHAVIOR COST CONTROL
_cDAVID.K.H
942 _2udc
_cBK
999 _c38477
_d38477